Մեր գնդի ճակատագիրը : (Record no. 380409)
[ view plain ]
| 000 -LEADER | |
|---|---|
| fixed length control field | 01009nam a2200241 i 4500 |
| 001 - CONTROL NUMBER | |
| control field | 001341345 |
| 003 - CONTROL NUMBER IDENTIFIER | |
| control field | AM-YeHGA |
| 005 - DATE AND TIME OF LATEST TRANSACTION | |
| control field | 20250618074632.0 |
| 008 - FIXED-LENGTH DATA ELEMENTS--GENERAL INFORMATION | |
| fixed length control field | 170227s2016 ai ||||gr|||||000|0darm|| |
| 020 ## - INTERNATIONAL STANDARD BOOK NUMBER | |
| International Standard Book Number | 9789939826547 |
| 040 ## - CATALOGING SOURCE | |
| Original cataloging agency | AM-YeHGA |
| 041 0# - LANGUAGE CODE | |
| Language code of text/sound track or separate title | Armenian |
| 090 ## - LOCALLY ASSIGNED LC-TYPE CALL NUMBER (OCLC); LOCAL CALL NUMBER (RLIN) | |
| -- | 382333 |
| 100 1# - MAIN ENTRY--PERSONAL NAME | |
| Personal name | Ավագյան, Ինգա Էդուարդի |
| 245 10 - TITLE STATEMENT | |
| Title | Մեր գնդի ճակատագիրը : |
| Remainder of title | Հովհաննես Թռչունյան-Հովհաննիսյանի հուշապատումը / |
| Statement of responsibility, etc. | Ինգա Ավագյան; Խմբ.՝ Ա. Մկրտչյան |
| 260 ## - PUBLICATION, DISTRIBUTION, ETC. | |
| Place of publication, distribution, etc. | Գյումրի : |
| Name of publisher, distributor, etc. | Էլդորադո, |
| Date of publication, distribution, etc. | 2016. |
| 300 ## - PHYSICAL DESCRIPTION | |
| Extent | 332 էջ : |
| Other physical details | լուսանկ. |
| 440 #0 - SERIES STATEMENT/ADDED ENTRY--TITLE | |
| Title | Մեծ եղեռնը վերապրածները |
| 650 14 - SUBJECT ADDED ENTRY--TOPICAL TERM | |
| Topical term or geographic name entry element | Հայոց ցեղասպանություն (1915-1923) |
| Form subdivision | Անձնական պատմություններ |
| 9 (RLIN) | 5101 |
| 650 14 - SUBJECT ADDED ENTRY--TOPICAL TERM | |
| Topical term or geographic name entry element | Հայ հուշագրություն |
| 9 (RLIN) | 5766 |
| 700 1# - ADDED ENTRY--PERSONAL NAME | |
| Personal name | Մկրտչյան, Անահիտ |
| Relator term | խմբագիր |
| Relationship | edt |
| Relator term | սրբագրիչ |
| Relationship | crr |
| 942 ## - ADDED ENTRY ELEMENTS (KOHA) | |
| Source of classification or shelving scheme | Universal Decimal Classification |
| Koha item type | Գրքեր / Books |
| Withdrawn status | Lost status | Source of classification or shelving scheme | Damaged status | Not for loan | Collection | Home library | Current library | Date acquired | Total checkouts | Full call number | Barcode | Date last seen | Price effective from | Koha item type | Public note |
|---|---|---|---|---|---|---|---|---|---|---|---|---|---|---|---|
| Universal Decimal Classification | General | Fundamental Scientific Library | Fundamental Scientific Library | 23/03/2017 | AII/102199 | FL0441649 | 23/03/2017 | 23/03/2017 | Գրքեր / Books | 30 Days Loan | |||||
| Universal Decimal Classification | General | Fundamental Scientific Library | Fundamental Scientific Library | 23/03/2017 | AII/102200 | FL0441650 | 23/03/2017 | 23/03/2017 | Գրքեր / Books | 30 Days Loan |
ՀՀ Գիտությունների ազգային ակադեմիայի հիմնարար գիտական գրադարան = Fundamental Scientific Library of NAS RA
All site content, except where otherwise noted, is licensed under a